| 000 | 01172cam a22002055a 4500 | ||
|---|---|---|---|
| 001 | L155425 | ||
| 008 | 120321s1799 xxk f 000 0 eng d | ||
| 035 | _a(Sirsi) u155425 | ||
| 041 | 0 | _aeng | |
| 100 | 1 |
_aBrown, Robert _d1757-1831 |
|
| 245 | 0 | 0 |
_aGeneral view of the agriculture of the West Riding of Yorkshire _bsurveyed by Messrs. Rennie, Brown, & Shirreff, 1793; with observations on the means of its improvement, and additional information since received. Drawn up by order of the Board of Agriculture and Internal Improvement. By Robert Brown, ... |
| 260 |
_aLondon _bprinted for Richard Phillips; sold by Faulder & Son; Reynolds; J. Harding; J. Asperne; Black, Parry, & Kingsbury; Wilson & Spence, & Todd, York; Slater & Bacon, Sheffield; Edwards & Son, Halifax; W. Sheardon, Doncaster; Constable & Co. Edinburgh; J. Archer, Dublin & all other booksellers; by B. McMillan _c1799 |
||
| 300 |
_a8, xiv, 293, [3], 121, [1] p., plate _bmap _c8o |
||
| 583 |
_aCondition reviewed _c20120620 _lcondition level 1 |
||
| 651 | 4 |
_aGreat Britain _y1707- |
|
| 690 |
_aRural _96268 |
||
| 700 | 1 |
_aShirreff, John _d1759-1818 |
|
| 700 | 1 |
_aRennie, George _d1749-1828 |
|
| 942 | _n0 | ||
| 999 |
_c113564 _d113564 |
||